000 01357nam a2200337 i 4500
003 EG-GICUC
005 20260509192833.0
008 260503s2016 ua ||||f |||| 000 0bara d
017 _a2014/26301
040 _a EG-GICUC
_bara
_c EG-GICUC
_d EG-GICUC
_erda
041 0 _aara
082 0 4 _221
_a345.451
_bا ح . م
092 0 4 _221
099 _aLaw1 07 345.451 ا ح . م 2016 0701627 C1
100 0 _aأحمد سليمان عبد الراضي محمد
_eمؤلف.
245 1 2 _aالمسئولية التأديبية لأعضاء المجالس النيابية /
_c.تأليف دكتور أحمد سليمان عبد الراضي محمد
264 1 _aالقاهرة :
_bدار النهضة العربية،
_c2016.
300 _a676 ؛ صفحة
_c24 سم.
_bإيضاحيات، صور، مثيليات ؛
336 _2rda content
_atext
337 _2rda media
_aComputer
338 _2rda carrier
_aOnline Resource
504 _aيشتمل على إرجاعات ببليوجرافية.
504 _aببليوجرافية صفحة : 632-663.
546 _aالنص باللغة العربية
650 1 4 _aالقانون الإداري
_2qrmak
650 1 4 _aالسلطات التاديبية
_2qrmak
651 1 _2qrmak
856 4 0 _uhttps://fll.law.cu.edu.eg/fulltext/bks/B07-01627.pdf
905 _a164
942 _2ddc
_cBK
_e21
_n0
999 _c75120
_d75120